Reed's Naval Architecture for Marine Engineers (Record no. 1117)

000 -LEADER
fixed length control field 00423nam a2200157 4500
008 - FIXED-LENGTH DATA ELEMENTS--GENERAL INFORMATION
fixed length control field 200109b ||||| |||| 00| 0 eng d
082 00 - DEWEY DECIMAL CLASSIFICATION NUMBER
Classification number 623.81
Item number S8749
100 ## - MAIN ENTRY--PERSONAL NAME
9 (RLIN) 693
Personal name Stokoe, E. A.
245 10 - TITLE STATEMENT
Title Reed's Naval Architecture for Marine Engineers
250 ## - EDITION STATEMENT
Edition statement 2nd ed.
260 ## - PUBLICATION, DISTRIBUTION, ETC. (IMPRINT)
Place of publication, distribution, etc Sunderland
Name of publisher, distributor, etc Thomas Reed
Date of publication, distribution, etc 1973
300 ## - PHYSICAL DESCRIPTION
Extent 377 p.
490 0# - SERIES STATEMENT
Volume number/sequential designation Vol 4
650 #0 - SUBJECT ADDED ENTRY--TOPICAL TERM
Topical term or geographic name as entry element Naval Architecture
942 ## - ADDED ENTRY ELEMENTS (KOHA)
Source of classification or shelving scheme
Item type Books
Holdings
Withdrawn status Lost status Source of classification or shelving scheme Damaged status Not for loan Permanent location Current location Date acquired Full call number Barcode Date last seen Koha item type Source of acquisition
          IMU Kolkata IMU Kolkata 1974-01-15 623.81 S8749 04059 2020-01-09 Books  
          IMU Kolkata IMU Kolkata 2023-09-02 623.81 S8749 G01255 2023-09-27 Books Donated by Sharad Gupta (Roll No.4271)
Designed and Maintained by IMU-KC Library, Kolkata Campus © Copyright All Rights Reserved

webs counters

Powered by Koha